000 01011cam a22003137a 4500
003 CHAP
005 20220329134719.0
008 971013s1980 r 00010 d
010 _a24681
011 _a25653
035 _a29753
040 _cCHAP
082 _a636.08
_bB75
110 _aBritish Society of Animal Production. Reading
_915430
245 1 4 _aThe mechanization and automation of cattle production
260 _aReading :
_bBritish,
_c1980
300 _a214 p.
_b: ilus.
490 0 _aOccasinal publication
_v; 2
590 _aBATCH-UPD
_b10
_c20130110
_lUCH01
_h2025
590 _aBATCH-UPD
_b10
_c20130410
_lUCH01
_h1343
590 _aBATCH-UPD
_b10
_c20130914
_lUCH01
_h0846
590 _aCONVERSION
_b10
_c20130109
_lUCH01
_h1314
650 1 4 _aCarne
_xProducción.
_919109
650 1 4 _aGanadería
_xImplementos y maquinaria.
_944753
830 0 _aOccasinal publication
_v; 2
_982629
901 _aBK
942 _cLIBRO
949 _a636.08 B75
_bBC
_cLIBRO
_d33724000607891
_eLIBRO
_h51225
_i29753
_si
999 _c24681
_d24681